| 000 | 00755nam a22001937a 4500 | ||
|---|---|---|---|
| 999 |
_c2881 _d2881 |
||
| 003 | AR-CdUCM | ||
| 008 | 190305b ||||| |||| 00| 0 spa d | ||
| 040 |
_aMUNICIPALIDAD PROVINCIAL DEL CUSCO _cBIBLIOTECA MUNICIPAL DEL CUSCO |
||
| 082 |
_a373.378 / _bI61 |
||
| 100 |
_aInstituto nacional de investigación y desarrollo de la educación _99946 |
||
| 245 | _aEducación musical / | ||
| 260 |
_aLima : _bINIDE, _c1978. |
||
| 300 |
_a103 páginas ; _c20 cm. |
||
| 505 | _aEducación musical -- Importancia de la educación musical -- Metodología de la enseñanza musical -- Contenidos de aspectos técnico musicales... | ||
| 650 |
_aEducación musical. _99947 |
||
| 650 |
_aMetodología musical. _99948 |
||
| 942 |
_2ddc _cLIBROS |
||
| 945 |
_awfj _d2019-03-05 |
||